000 00688nam a2200121Ia 4500
008 220615s9999||||xx |||||||||||||| ||und||
100 _aBosma, Ulbe
245 0 _aPost-Colonial Immigrants and Identity Formations in the Netherlands
546 _aEnglish[eng]
650 _aidentiteit||sociology||immigrants||immigranten||sociologie||identity||Afro-Surinamese people||Amsterdam||Indonesia||Maluku Islands||Moluccans||Netherlands||Postcolonialism||Suriname
856 _uhttps://library.oapen.org/bitstream/20.500.12657/34466/1/428771.pdf||https://library.oapen.org/bitstream/20.500.12657/34466/1/428771.pdf||https://library.oapen.org/bitstream/20.500.12657/34466/1/428771.pdf
942 _cEB
999 _c18451
_d18451